| 000 | 01343naa a22003497a 4500 | ||
|---|---|---|---|
| 001 | BR7405424 | ||
| 003 | BR-BrBNA | ||
| 005 | 20240918173619.0 | ||
| 007 | ta | ||
| 008 | 230509b bl.||||| |||| 00| 0 por d | ||
| 040 |
_aBR-BrBNA _bpor _cBiblioteca Nacional de Agricultura |
||
| 041 | _a(pt) | ||
| 072 |
_aL30 _b5212 _b0430 _b8956 _b9343 |
||
| 090 | _aL30 BR7405424 | ||
| 100 | 1 | _aMoura, M.P. de | |
| 100 | 1 | _aBoin, C. | |
| 111 | 1 |
_a11. Reuniao da Sociedade Brasileira de Zootecnia _cFortaleza, CE (Brazil) _d22 Jul 1974 |
|
| 245 | 1 | _aSubstituicao parcial da torta de algodao em niveis crescentes por uma mistura melaco-ureia para bovinos mesticos e regime de confinamento [Gossypium spp; Ganho de peso] | |
| 260 | 3 |
_aFortaleza, CE (Brasil): _bUniversidade Federal do Ceara, _c1974. |
|
| 500 | _aAnais da 11. Reuniao da Sociedade Brasileira de Zootecnia Fortaleza, CE (Brasil): Universidade Federal do Ceara, 1974. p. 142 (BR7405424-AM)L30 | ||
| 650 | _aNutricao animal | ||
| 650 | _aBovino | ||
| 650 | _aAlgodao | ||
| 650 | _aTorta | ||
| 650 | _aMelaco | ||
| 650 | _aUreia | ||
| 650 | _aConfinamento | ||
| 650 | _aGanho de peso | ||
| 773 | 0 |
_tAnais da 11. Reuniao da Sociedade Brasileira de Zootecnia _wL30 BR7405424 _gFortaleza, CE (Brasil), 1974. p. 142 |
|
| 909 |
_a202404 _bLucia _c55 _dLucia Elande |
||
| 942 |
_cAM _2AGRIS |
||
| 999 |
_c305760 _d305760 |
||